Evo y la insurgencia del movimiento popular boliviano /

Na minha lista:
Detalhes bibliográficos
Autor principal: Contreras Baspineiro, Alex
Formato: Texto
Assuntos:
Tags: Adicionar Tag
Sem tags, seja o primeiro a adicionar uma tag!

MARC

LEADER 00000 a a2200000 04500
001 749
003
040
100 |a Contreras Baspineiro, Alex  
245 |a Evo y la insurgencia del movimiento popular boliviano /  |c Contreras Alex Baspineiro 
500 |a Incluye una breve historia de Evo Morales Ayma  
650 |a COMPORTAMIENTO POLITICO  
650 |a GRUPOS POPULARES  
650 |a BOLIVIA  
773 |g volumen 26, número 356; páginas 3-4  
999 |c 33279  |d 33279